000 00355nam a22001457a 4500
003 OSt
005 20230717070258.0
008 230717b |||||||| |||| 00| 0 eng d
040 _csero soft
100 _aBedi,Dr.Manmohan singh
245 _aHandbook for sports Research
260 _aNew Delhi
_bFriends publication
300 _a231
942 _2ddc
_c01
999 _c56926
_d56926